[Event "Stay Safe Play From Home 197"]
[Site "T#646544Emanuel Laske"]
[Date "2020.06.03"]
[Round "7"]
[White "Fischer_11"]
[Black "SoulofWolf"]
[Result "0-1"]
[WhiteElo "2050"]
[BlackElo "2194"]
[Annotator "NA RC"]
[PlyCount "130"]
[EventDate "2020.06.03"]
[EventType "swiss (blitz)"]

1. e3 {[%emt 0:00:01]} c6 {[%emt 0:00:00]} 2. Nf3 {[%emt 0:00:01]} d5 {[%emt 0:00:00]} 3. g3 {[%emt 0:00:00]} g6 {[%emt 0:00:00]} 4. Bg2 {[%emt 0:00:00]} Bg7 {[%emt 0:00:00]} 5. c4 {[%emt 0:00:01]} e6 {[%emt 0:00:00]} 6. c5 {[%emt 0:00:00]} Ne7 {[%emt 0:00:01]} 7. d4 {[%emt 0:00:00]} O-O {[%emt 0:00:00]} 8. b4 {[%emt 0:00:01]} a5 {[%emt 0:00:00]} 9. bxa5 {[%emt 0:00:03]} Qxa5+ {[%emt 0:00:01]} 10. Bd2 {[%emt 0:00:01]} Qa4 {[%emt 0:00:02]} 11. O-O {[%emt 0:00:00]} b6 {[%emt 0:00:02]} 12. Nc3 {[%emt 0:00:01]} Qxd1 {[%emt 0:00:02]} 13. Rfxd1 {[%emt 0:00:00]} bxc5 {[%emt 0:00:00]} 14. dxc5 {[%emt 0:00:01]} Nd7 {[%emt 0:00:01]} 15. a4 {[%emt 0:00:01]} Nxc5 {[%emt 0:00:01]} 16. Ra3 {[%emt 0:00:03]} Rd8 {[%emt 0:00:02]} 17. Nd4 {[%emt 0:00:02]} Bf8 {[%emt 0:00:01]} 18. Na2 {[%emt 0:00:04]} Bd7 {[%emt 0:00:01]} 19. Bb4 {[%emt 0:00:01]} Nf5 {[%emt 0:00:07]} 20. Nxf5 {[%emt 0:00:04]} gxf5 {[%emt 0:00:00]} 21. a5 {[%emt 0:00:02]} Rdb8 {[%emt 0:00:02]} 22. Rc1 {[%emt 0:00:02]} Nd3 {[%emt 0:00:03]} 23. Rxd3 {[%emt 0:00:02]} Bxb4 {[%emt 0:00:02]} 24. Nxb4 {[%emt 0:00:00]} Rxb4 {[%emt 0:00:00]} 25. Ra3 {[%emt 0:00:03]} Rb5 {[%emt 0:00:01]} 26. a6 {[%emt 0:00:01]} Rb6 {[%emt 0:00:00]} 27. Bf1 {[%emt 0:00:01]} Bc8 {[%emt 0:00:02]} 28. Rac3 {[%emt 0:00:02]} Bd7 {[%emt 0:00:01]} 29. Ra3 {[%emt 0:00:01]} Kf8 {[%emt 0:00:01]} 30. h4 {[%emt 0:00:01]} Ke7 {[%emt 0:00:00]} 31. Kg2 {[%emt 0:00:00]} Kd6 {[%emt 0:00:00]} 32. Kf3 {[%emt 0:00:00]} Kc7 {[%emt 0:00:01]} 33. Kf4 {[%emt 0:00:01]} Bc8 {[%emt 0:00:00]} 34. Kg5 {[%emt 0:00:02]} Bxa6 {[%emt 0:00:01]} 35. Bxa6 {[%emt 0:00:01]} Raxa6 {[%emt 0:00:00]} 36. Rxa6 {[%emt 0:00:00]} Rxa6 {[%emt 0:00:00]} 37. Kf6 {[%emt 0:00:01]} Ra2 {[%emt 0:00:02]} 38. Rf1 {[%emt 0:00:01]} Kd6 {[%emt 0:00:02]} 39. Kxf7 {[%emt 0:00:00]} Ra7+ {[%emt 0:00:01]} 40. Kf6 {[%emt 0:00:02]} Ra8 {[%emt 0:00:01]} 41. Kg7 {[%emt 0:00:01]} Ra7+ {[%emt 0:00:01]} 42. Kh6 {[%emt 0:00:01]} c5 {[%emt 0:00:00]} 43. f3 {[%emt 0:00:01]} c4 {[%emt 0:00:01]} 44. g4 {[%emt 0:00:01]} Ke5 {[%emt 0:00:01]} 45. g5 {[%emt 0:00:02]} c3 {[%emt 0:00:01]} 46. h5 {[%emt 0:00:01]} c2 {[%emt 0:00:01]} 47. Rc1 {[%emt 0:00:00]} Rc7 {[%emt 0:00:01]} 48. g6 {[%emt 0:00:00]} hxg6 {[%emt 0:00:01]} 49. hxg6 {[%emt 0:00:00]} Kf6 {[%emt 0:00:00]} 50. e4 {[%emt 0:00:01]} dxe4 {[%emt 0:00:01]} 51. fxe4 {[%emt 0:00:00]} fxe4 {[%emt 0:00:00]} 52. g7 {[%emt 0:00:00]} Rxg7 {[%emt 0:00:01]} 53. Rxc2 {[%emt 0:00:00]} Rg6+ {[%emt 0:00:00]} 54. Kh5 {[%emt 0:00:01]} Rg5+ {[%emt 0:00:00]} 55. Kh4 {[%emt 0:00:00]} Kf5 {[%emt 0:00:01]} 56. Re2 {[%emt 0:00:00]} Rg4+ {[%emt 0:00:01]} 57. Kh3 {[%emt 0:00:00]} Rf4 {[%emt 0:00:00]} 58. Kh2 {[%emt 0:00:00]} e5 {[%emt 0:00:01]} 59. Kg2 {[%emt 0:00:00]} Kg4 {[%emt 0:00:01]} 60. Rf2 {[%emt 0:00:00]} Rf3 {[%emt 0:00:01]} 61. Re2 {[%emt 0:00:00]} Kf4 {[%emt 0:00:01]} 62. Kg1 {[%emt 0:00:00]} e3 {[%emt 0:00:00]} 63. Re1 {[%emt 0:00:01]} Rg3+ {[%emt 0:00:00]} 64. Kf1 {[%emt 0:00:01]} Ke4 {[%emt 0:00:00]} 65. Ke2 {[%emt 0:00:00]} Rf3 {[%emt 0:00:00] Zeit (Lag: Av=0.28s, max=0.6s)} 0-1

[Event "Stay Safe Play From Home 197"]
[Site "T#646544Emanuel Laske"]
[Date "2020.06.03"]
[Round "7"]
[White "buzaglo"]
[Black "Haxhi Baha"]
[Result "1-0"]
[WhiteElo "1963"]
[BlackElo "2007"]
[Annotator "TA"]
[PlyCount "111"]
[EventDate "2020.06.03"]
[EventType "swiss (blitz)"]

{[%evp 9,111,11,32,25,39,25,47,8,9,21,25,-152,-149,-243,-242,-255,-250,-243,-243,-258,-253,-264,-229,-258,-232,-304,-297,-298,-292,-395,-406,-468,-404,-411,-316,-409,-431,-466,-464,-465,-388,-650,-452,-446,-447,-564,-553,-650,-621,-734,-732,-1152,-1041,-1147,-1060,-1136,-817,-2883,-2688,-2409,-2291,-29976,-29977,-29978,-29978,-29978,-29979,-29977,-29978,-29990,-29981,-29981,-29982,-29982,-29981,-29980,-29981,-29984,-29981,-29983,-29984,-29984,-29985,-29984,-29983,-29984,-29985,-29986,-29986,-29990,-29990,-29990,-29991,-29995,-29993,-29996,-29996,-29996,-29997,-29997,-29997,-29998,-29997,-29999]} 1. d4 d5 2. Nf3 e6 3. g3 Be7 4. Bg2 Nf6 5. O-O Ne4 6. Nbd2 {D02: 1 d4 d5 2 Nf3 sidelines, including 2...Nf6 3 g3 and 2...Nf6 3 Bf4.} f5 7. c3 Nd7 {[#]} 8. Ne5 $146 {White is slightly better.} ({Predecessor:} 8. Ne1 h5 9. Nd3 h4 10. Nxe4 dxe4 11. Nf4 Nf8 12. e3 g5 13. Ne2 h3 14. Bh1 {1-0 (35) Harvey,M (2440)-Greet,A (2417) chess.com INT 2020}) 8... Nxe5 9. dxe5 O-O 10. f3 $2 (10. Nxe4 $11 fxe4 11. Be3) 10... Bc5+ $17 11. e3 (11. Kh1 $17 {was the only chance.} Nf2+ 12. Rxf2 Bxf2 13. f4) 11... Bxe3+ $19 12. Kh1 Nf2+ 13. Rxf2 Bxf2 14. Qe2 Bb6 15. Nb3 c5 16. Bd2 Bd7 17. Rc1 a6 18. c4 dxc4 19. Na1 Bb5 {And now ...c3! would win.} 20. Qf2 Qd4 21. Be3 Qd3 22. Bf1 Qd5 23. Bg2 Rad8 24. h4 c3 25. f4 $2 {[#]} (25. Nb3) 25... cxb2 $1 26. Qxb2 Qd3 27. Qf2 Qa3 {White must now prevent ...c4.} 28. Nc2 Qxa2 29. Qg1 Rd3 30. Bf2 Rfd8 31. Ne1 Rd2 32. Be3 Re2 33. Nc2 Rxc2 34. Rxc2 Qxc2 35. Kh2 Bc6 {Black mates.} 36. Kh3 Qxg2+ 37. Qxg2 Bxg2+ 38. Kxg2 Rd3 39. Kf3 Rxe3+ 40. Kxe3 {[%mdl 4096] Endgame KB-KP} c4+ 41. Kd2 {[#]} c3+ $1 42. Kxc3 a5 {[%cal Ba6a5,Ba5a4][%mdl 32]} 43. Kc2 Bc7 44. Kb2 b5 {[%cal Bb7b5,Bb5b4,Bb4b3][%mdl 32]} 45. Kb3 Bb6 46. Ka2 Bc5 47. h5 a4 48. h6 b4 49. g4 b3+ 50. Kb2 fxg4 {KB-K3P} 51. Kb1 g3 52. f5 g2 53. Kc1 g1=Q+ 54. Kd2 {[#]} Qe3+ $1 55. Kd1 b2 {[%cal Rb2b1]} 56. hxg7 {[%mdl 32768] White got outplayed after the opening. Accuracy: White = 28%, Black = 75%. . Loss on time!?} 1-0

[Event "Stay Safe Play From Home 197"]
[Site "T#646544Emanuel Laske"]
[Date "2020.06.03"]
[Round "7"]
[White "Matanant"]
[Black "Trotsky"]
[Result "1-0"]
[WhiteElo "1620"]
[BlackElo "1599"]
[Annotator "NA RC"]
[PlyCount "61"]
[EventDate "2020.06.03"]
[EventType "swiss (blitz)"]

1. e4 {[%emt 0:00:02]} c5 {[%emt 0:00:01]} 2. Nf3 {[%emt 0:00:01]} e6 {[%emt 0:00:01]} 3. c3 {[%emt 0:00:00]} d5 {[%emt 0:00:01]} 4. e5 {[%emt 0:00:01]} Nc6 {[%emt 0:00:01]} 5. d4 {[%emt 0:00:00]} Qc7 {[%emt 0:00:01]} 6. Be2 {[%emt 0:00:02]} Bd7 {[%emt 0:00:01]} 7. O-O {[%emt 0:00:01]} O-O-O {[%emt 0:00:01]} 8. Be3 {[%emt 0:00:01]} f6 {[%emt 0:00:01]} 9. Nbd2 {[%emt 0:00:02]} c4 {[%emt 0:00:01]} 10. exf6 {[%emt 0:00:02]} Nxf6 {[%emt 0:00:01]} 11. b3 {[%emt 0:00:00]} Bd6 {[%emt 0:00:01]} 12. bxc4 {[%emt 0:00:02]} Ng4 {[%emt 0:00:01]} 13. h3 {[%emt 0:00:03]} h5 {[%emt 0:00:01]} 14. cxd5 {[%emt 0:00:02]} exd5 {[%emt 0:00:01]} 15. c4 {[%emt 0:00:01]} Rdf8 {[%emt 0:00:01]} 16. cxd5 {[%emt 0:00:02]} Ne7 {[%emt 0:00:05]} 17. Rc1 {[%emt 0:00:02]} Bc6 {[%emt 0:00:01]} 18. dxc6 {[%emt 0:00:02]} bxc6 {[%emt 0:00:01]} 19. d5 {[%emt 0:00:01]} c5 {[%emt 0:00:02]} 20. Ne4 {[%emt 0:00:02]} Rxf3 {[%emt 0:00:03]} 21. Bxf3 {[%emt 0:00:02]} Bh2+ {[%emt 0:00:01]} 22. Kh1 {[%emt 0:00:02]} Bg1 {[%emt 0:00:00]} 23. d6 {[%emt 0:00:05]} Qd8 {[%emt 0:00:12]} 24. Kxg1 {[%emt 0:00:01]} Nf5 {[%emt 0:00:05]} 25. Rxc5+ {[%emt 0:00:00]} Kd7 {[%emt 0:00:02]} 26. Rxf5 {[%emt 0:00:01]} g6 {[%emt 0:00:04]} 27. Nc5+ {[%emt 0:00:00]} Ke8 {[%emt 0:00:03]} 28. Rd5 {[%emt 0:00:05]} Nf6 {[%emt 0:00:06]} 29. Re5+ {[%emt 0:00:03] .} Kf7 {[%emt 0:00:01]} 30. Re7+ {[%emt 0:00:01]} Kg8 {[%emt 0:00:01]} 31. Bd4 {[%emt 0:00:01] Âðåìÿ (Lag: Av=0.55s, max=1.0s)} 1-0

[Event "Stay Safe Play From Home 197"]
[Site "T#646544Emanuel Laske"]
[Date "2020.06.03"]
[Round "7"]
[White "Germanicus G"]
[Black "Edmatuag"]
[Result "0-1"]
[WhiteElo "1253"]
[BlackElo "1632"]
[Annotator "NA RC"]
[PlyCount "56"]
[EventDate "2020.06.03"]
[EventType "swiss (blitz)"]

1. g3 {[%emt 0:00:01]} d6 {[%emt 0:00:02]} 2. Bg2 {[%emt 0:00:00]} Nc6 {[%emt 0:00:02]} 3. c4 {[%emt 0:00:00]} Nf6 {[%emt 0:00:01]} 4. Nc3 {[%emt 0:00:00]} g6 {[%emt 0:00:00]} 5. d4 {[%emt 0:00:01]} Bg7 {[%emt 0:00:00]} 6. e3 {[%emt 0:00:02]} O-O {[%emt 0:00:01]} 7. Nge2 {[%emt 0:00:00]} e6 {[%emt 0:00:01]} 8. O-O {[%emt 0:00:01]} Qd7 {[%emt 0:00:01]} 9. b3 {[%emt 0:00:02]} b6 {[%emt 0:00:01]} 10. Bb2 {[%emt 0:00:00]} Bb7 {[%emt 0:00:01]} 11. Qc2 {[%emt 0:00:04]} Nd8 {[%emt 0:00:01]} 12. Bxb7 {[%emt 0:00:03]} Nxb7 {[%emt 0:00:00]} 13. Ne4 {[%emt 0:00:02]} c5 {[%emt 0:00:00]} 14. Nxf6+ {[%emt 0:00:03]} Bxf6 {[%emt 0:00:01]} 15. dxc5 {[%emt 0:00:01]} Bxb2 {[%emt 0:00:01]} 16. Qxb2 {[%emt 0:00:05]} dxc5 {[%emt 0:00:00]} 17. Rad1 {[%emt 0:00:02]} Qc7 {[%emt 0:00:01]} 18. Nf4 {[%emt 0:00:03]} Rad8 {[%emt 0:00:02]} 19. Qc2 {[%emt 0:00:03]} Rxd1 {[%emt 0:00:02]} 20. Rxd1 {[%emt 0:00:02]} Rd8 {[%emt 0:00:00]} 21. Nh3 {[%emt 0:00:05]} Rxd1+ {[%emt 0:00:03]} 22. Qxd1 {[%emt 0:00:02]} Qd6 {[%emt 0:00:00]} 23. Qc2 {[%emt 0:00:02]} Qe5 {[%emt 0:00:05]} 24. Kg2 {[%emt 0:00:09]} Nd6 {[%emt 0:00:01]} 25. Nf4 {[%emt 0:00:01]} Qe4+ {[%emt 0:00:02]} 26. Qxe4 {[%emt 0:00:02]} Nxe4 {[%emt 0:00:00]} 27. f3 {[%emt 0:00:01]} Nc3 {[%emt 0:00:01]} 28. Nd3 {[%emt 0:00:03]} Nxa2 {[%emt 0:00:02] Zeit (Lag: Av=0.36s, max=1.0s) .} 0-1

[Event "Stay Safe Play From Home 197"]
[Site "T#646544Emanuel Laske"]
[Date "2020.06.03"]
[Round "8"]
[White "Broken sword"]
[Black "buzaglo"]
[Result "1-0"]
[WhiteElo "2440"]
[BlackElo "1982"]
[Annotator "TA"]
[PlyCount "107"]
[EventDate "2020.06.03"]
[EventType "swiss (blitz)"]

{[%evp 10,106,56,56,62,-26,46,12,4,-152,64,54,82,76,89,33,68,55,99,50,54,55,71,60,61,56,124,97,173,128,168,150,147,153,260,218,508,154,263,166,165,171,287,279,333,214,319,306,459,318,532,523,517,517,523,483,408,354,416,338,2282,388,602,585,681,529,481,306,420,89,77,0,156,130,217,206,209,46,625,622,29990,29991,29993,29994,29994,29995,29996,29996,29997,29997,29997,29997,29997,29997,29997,29998,29998,29999,29999]} 1. e4 e6 2. d4 d5 3. Nd2 c5 4. Ngf3 cxd4 5. Nxd4 dxe4 6. Nxe4 Nf6 {C07: French Tarrasch: 3...c5, 4 Ngf3 and 4 exd5 Qxd5.} 7. Ng3 {[#]} (7. Nxf6+ $14 Qxf6 8. Nb5) 7... Nd5 $146 (7... Bc5 $11 8. c3 Nc6) ({Predecessor:} 7... Bc5 8. Be3 O-O 9. Nxe6 Qa5+ 10. Bd2 Bxf2+ 11. Kxf2 Qb6+ 12. Be3 Qxe6 13. Be2 Nc6 14. Bf3 {0-1 (26) Lopes Silva,L (1972)-Dos Santos,J (1816) Belem 2016}) 8. Be2 Bb4+ {The position is equal.} 9. c3 $2 (9. Bd2 $11) 9... Be7 $2 ({Better is} 9... Nxc3 $1 $17 10. bxc3 Bxc3+ {[%mdl 64] Double Attack} 11. Bd2 Qxd4) 10. O-O Nc6 11. Nxc6 bxc6 12. Bf3 (12. c4 $16) 12... O-O 13. c4 $36 {[%mdl 2048] White has some pressure.} Nf6 14. b3 Bb7 15. Bb2 Rb8 16. Be5 Rc8 17. Qe2 Qe8 (17... Qb6 $14) 18. Rfd1 Nd7 (18... Ba8 $16) 19. Bf4 e5 20. Bxe5 Nxe5 21. Qxe5 f6 (21... Bb4 $16 22. Qxe8 Rcxe8) 22. Qe6+ Kh8 $2 (22... Rf7 23. Ne4 f5) 23. Rac1 $2 (23. Rd7 $18 Bc5 24. Qxe8 Rfxe8 25. Rxb7) 23... Bd8 (23... Ba3 $16 {was worth a try.} 24. Qxe8 Rcxe8) 24. Re1 Qxe6 25. Rxe6 Bb6 (25... Rc7 $142 26. b4 Kg8) 26. c5 $18 Bc7 27. b4 (27. Bxc6 $6 Bxc6 28. Rxc6 Bxg3 $18) 27... Bxg3 (27... Bf4 $142) 28. hxg3 ({Don't do} 28. fxg3 Rc7 $18) 28... h6 (28... Kg8 {keeps fighting.} 29. b5 Rc7 30. bxc6 Bc8) 29. Rd1 Ba6 $2 (29... Rc7 30. Be4 Kg8) 30. Rxc6 Bb5 31. Rxc8 Rxc8 {[%mdl 4096] Endgame KRB-KRB} 32. Rd6 Kg8 33. a3 Kf7 34. Bg4 Kg6 $2 (34... Rc7 35. f4 Ke7) 35. Be6 $2 (35. Bxc8 Kf7 36. Ba6) 35... Re8 (35... Rc7 $142 36. g4 h5 37. gxh5+ Kxh5) 36. g4 h5 37. Bf5+ Kg5 38. f3 Kf4 39. Rd4+ $2 (39. Bd7 $18 {and White stays clearly on top.} Bxd7 40. Rxd7 {[%mdl 64] Double Attack} hxg4 41. fxg4 (41. Rxg7 gxf3 42. gxf3 Kxf3 $18)) 39... Kg3 $16 {[%cal Re8e1] [#]} 40. Rd1 (40. Be4 $1 $16) 40... Ba4 $2 (40... Re2 $11 41. Kh1 (41. gxh5 Rxg2+ 42. Kh1 Rh2+ {[%mdl 64] Double Attack} 43. Kg1 Rg2+ 44. Kh1 Rh2+ 45. Kg1 Rg2+ $11) 41... hxg4) 41. Rc1 Re3 (41... Re2 $16 {was necessary.}) 42. gxh5 $18 Rxa3 43. Bh3 $2 (43. Be4 $18) 43... Kf4 $2 {[%mdl 8192] This costs Black the game.} (43... Rb3 $14) 44. c6 Ke3 45. c7 {White mates.} Bd7 46. Bxd7 {KRB-KR} Rd3 47. c8=Q Rd6 {[#]} 48. Qc5+ $1 Kf4 49. Qxd6+ Kg5 50. Qd2+ Kh4 51. Qf4+ Kxh5 52. Be8+ g6 53. Qg4+ {[%mdl 64] Double Attack} Kh6 54. Qxg6# {Accuracy: White = 32%, Black = 15%.} 1-0

[Event "Stay Safe Play From Home 197"]
[Site "T#646544Emanuel Laske"]
[Date "2020.06.03"]
[Round "8"]
[White "SoulofWolf"]
[Black "Little champs"]
[Result "0-1"]
[WhiteElo "2205"]
[BlackElo "2273"]
[Annotator "TA"]
[PlyCount "66"]
[EventDate "2020.06.03"]
[EventType "swiss (blitz)"]

{[%evp 9,65,29,102,93,100,90,87,95,171,182,179,163,177,150,175,135,150,135,175,112,267,270,803,275,254,250,426,332,333,197,300,263,446,423,630,648,646,633,698,649,1006,-1217,-1229,-1194,-1175,-1214,-1164,-1520,-1504,-1570,-1560,-1533,-1526,-1734,-1725,-29990,-29991,-29999]} 1. Nf3 e6 2. c4 d5 3. e3 dxc4 4. Bxc4 Be7 5. O-O {[#]} Bf6 $146 (5... c5 $11) ({Predecessor:} 5... Nf6 6. Nc3 O-O 7. d4 c6 8. b3 b5 9. Bd3 a5 10. Bb2 Bb7 11. Rc1 Ba6 {1-0 (49) Mueller,P-Espig,J Germany 2000}) 6. d4 {A13: English Opening: 1...e6.} Ne7 7. Nbd2 O-O 8. Ne4 {White is better.} b6 (8... Ng6 $16) 9. Nxf6+ $18 gxf6 10. b3 Ng6 11. Bb2 Bb7 12. Qe2 Nd7 13. Rac1 a5 14. Bd3 (14. Rfd1 $18) 14... Qe7 $2 {[#]} (14... a4 $16) 15. Rxc7 Ba6 $2 (15... Ra7) 16. Rfc1 $2 (16. Bxa6 Qd6 17. Rc2) 16... Bxd3 17. Qxd3 e5 $2 (17... Rfd8 {was worth a try.} 18. d5 exd5) 18. Qb5 Rfd8 19. d5 (19. h4 $142) 19... Qe8 (19... Qb4 $142 20. Qe2 Nc5) 20. e4 Nf4 $2 (20... Nc5 21. Qxe8+ (21. Qxb6 Nxe4 22. Qe3 Nd6 $16) 21... Rxe8) 21. g3 Nh3+ (21... Ng6 $142 22. Ba3 a4 23. bxa4 Nc5) 22. Kg2 Ng5 23. Nh4 Nxe4 24. Nf5 Nf8 25. f3 $4 {[%mdl 8192]} (25. Qe2 $18) 25... Qxb5 $19 26. fxe4 Qe2+ {[%mdl 64] [#] Double Attack} 27. Kh3 Qxb2 28. R1c2 Qb1 29. Nh6+ Kg7 30. Nf5+ Kh8 31. Nh6 Qf1+ 32. Kh4 Ng6+ 33. Kh5 Qh3# {Accuracy: White = 50%, Black = 22%.} 0-1

[Event "Stay Safe Play From Home 197"]
[Site "T#646544Emanuel Laske"]
[Date "2020.06.03"]
[Round "8"]
[White "Lazieri3"]
[Black "Toosieslide"]
[Result "1-0"]
[WhiteElo "2037"]
[BlackElo "2236"]
[Annotator "TA"]
[PlyCount "119"]
[EventDate "2020.06.03"]
[EventType "swiss (blitz)"]

{[%evp 24,119,13,8,9,12,32,27,25,-8,-12,-29,-23,-36,0,0,207,135,155,37,25,0,0,0,13,-48,0,-207,48,9,13,11,41,0,0,0,0,0,0,0,0,0,22,-16,-17,-17,-22,-37,-44,-156,-161,-368,-379,-336,-281,-248,-202,-196,-83,-87,-33,-37,-24,-41,0,0,0,0,0,0,0,0,0,0,0,0,0,0,0,0,0,0,0,0,0,-423,-499,-493,0,0,0,0,0,0,0,0,0,0]} 1. e4 e5 2. Nc3 Nf6 3. Nf3 Nc6 4. d4 exd4 5. Nxd4 Bb4 6. Nxc6 bxc6 7. Bd3 d5 8. exd5 cxd5 9. O-O O-O 10. Bg5 c6 11. Qf3 Be7 12. h3 h6 13. Bh4 Be6 {C47: Scotch Four Knights and Four Knights with 4 g3.} 14. Ne2 c5 15. b3 {[#]} c4 $146 {White has an edge.} ({Predecessor:} 15... Qd7 16. Rad1 Rad8 17. Rfe1 Nh7 18. Bxe7 Qxe7 19. Ng3 Ng5 20. Qf4 Qd7 21. Bf5 Rfe8 {1-0 (33) Hintze,P (2035)-Sulayev,D (1905) Berlin 2017}) 16. bxc4 dxc4 17. Bf5 Bd5 18. Qc3 Rb8 19. Rad1 {[#] Black must now prevent Nf4.} g5 $2 (19... Qc7 $11 {and Black stays safe.}) 20. Bg3 Rb5 21. Nd4 (21. Be5 $16) 21... Bb4 $14 22. Qe3 Rb6 23. c3 Bc5 24. Qd2 (24. Be5 $11) 24... Re8 (24... Ne4 $5 {[%cal Re4d2]} 25. Bxe4 Bxe4 $15) 25. Nf3 $2 (25. f3 $11) 25... Bd6 $2 (25... Qa8 $19 26. Bg4 Qb7) 26. Bxd6 Rxd6 27. Nd4 Ne4 28. Bxe4 Bxe4 29. Rfe1 Bd3 30. Rxe8+ Qxe8 31. Re1 Qd7 32. Qe3 Rg6 33. Qe8+ Qxe8 34. Rxe8+ $11 {[%mdl 4096] Endgame KRB-KRN} Kg7 35. Re7 Ra6 36. g4 (36. Nb5 $1 $15) 36... Rxa2 $17 37. Nf5+ $2 (37. f3 {was called for.}) 37... Bxf5 $19 38. gxf5 {KR-KR} Kf6 39. Rc7 Ra4 40. Kg2 {[#]} Kxf5 (40... a5 $1 $19 {has better winning chances.} 41. Kf3 Ra3 42. Rxc4 Kxf5) 41. Rxf7+ $17 Kg6 (41... Ke4 $17 {Strongly threatening ...Kd3.} 42. Rd7 Ke5 43. Re7+ Kf5) 42. Rc7 $15 a6 43. Kg3 Kh5 44. f3 Ra1 45. Rxc4 Rg1+ 46. Kf2 Rd1 47. Ke3 Re1+ 48. Kf2 Rh1 49. Kg3 Ra1 50. Kf2 Ra2+ 51. Kg3 a5 52. Rc5 a4 53. Rc6 a3 54. h4 $2 {[%mdl 8192]} (54. Ra6 $11 {and White is okay.}) 54... gxh4+ $19 55. Kh3 {intending Ra6.} Ra1 $2 (55... Rf2 $19 56. Rc5+ Kg6 57. Kxh4 Rh2+ 58. Kg3 a2) 56. Ra6 $11 {The position is equal.} Rb1 57. Kg2 Rb2+ 58. Kh3 a2 59. f4 Rb3 60. Ra5+ {[%mdl 32768] A wild game. Accuracy: White = 63%, Black = 68%. . Loss on time!?} 1-0

[Event "Stay Safe Play From Home 197"]
[Site "T#646544Emanuel Laske"]
[Date "2020.06.03"]
[Round "8"]
[White "Haxhi Baha"]
[Black "Matanant"]
[Result "1-0"]
[WhiteElo "1988"]
[BlackElo "1636"]
[Annotator "TA"]
[PlyCount "67"]
[EventDate "2020.06.03"]
[EventType "swiss (blitz)"]

{[%evp 9,67,-20,-10,-52,-39,-37,5,-28,7,-97,-6,-11,89,102,123,75,77,68,71,-4,-2,-115,-97,-118,-120,-29997,-226,-29997,-208,-29997,-28,-106,-39,-115,-16,-965,-944,-1171,-1117,-1011,-86,-88,-61,-138,-71,-294,-65,-73,29991,29992,29995,29996,29996,29995,29997,29995,29995,29996,29999,29999]} 1. e4 e5 2. f4 d5 3. exd5 e4 4. d4 Nf6 5. c4 Bb4+ 6. Nc3 {aiming for Qa4+. C32: Falkbeer Counter Gambit: 3 exd5 e4 4 d3 Nf6.} O-O $1 {[#]} 7. Nge2 $146 ({Predecessor:} 7. Be3 b5 8. Qd2 Bb7 9. Nh3 c6 10. b3 bxc4 11. bxc4 cxd5 12. c5 Qa5 13. Rc1 {0-1 (31) Castaneda,V (1900)-Univio Sanchez,G (2053) Bogota 2012}) 7... Re8 8. h3 {The position is equal.} c6 {[%cal Rc6d5]} 9. dxc6 (9. a3 $1 $11 Bxc3+ 10. Nxc3) 9... Nxc6 ({Black should try} 9... e3 $1 $17 10. cxb7 Bxb7) 10. Be3 $11 Bxc3+ (10... Na5 $11 11. b3 b5) 11. Nxc3 $16 ({Reject} 11. bxc3 Na5 $15) 11... Nb4 12. a3 Nd3+ 13. Bxd3 exd3 14. Kf2 (14. Qxd3 $16 {And now 0-0 would win.} Bf5 15. Qd2) 14... Bf5 $11 15. g4 (15. Re1 $11 {remains equal.}) 15... Ne4+ $17 16. Nxe4 Bxe4 17. Re1 $2 {[%mdl 8192]} (17. Rg1 $17) 17... Rc8 $2 (17... Qh4+ 18. Kg1 Qg3+ 19. Kf1 Qg2#) 18. Rc1 $2 (18. Kg3 $19 Rxc4 19. Rc1) 18... b5 $2 (18... Qh4+ 19. Kg1 Qg3+ 20. Kf1 Qg2#) 19. c5 $2 (19. Kg3 $19 bxc4 20. Qd2) 19... Qd5 $2 (19... Qh4+ {mates} 20. Kg1 Qg3+ 21. Kf1 Qg2#) 20. Qd2 (20. Rg1 $11) 20... a6 (20... h5 $17) 21. b4 {[#]} (21. Kg3 $15) 21... f5 (21... h5 $1 $17 22. Kg3 hxg4 23. hxg4 Bf3) 22. gxf5 $2 {[%mdl 8192]} (22. g5 $11) 22... Qxf5 $19 23. Rg1 Qxh3 {( -> ...Qf3+)} 24. Rcf1 Qh2+ $2 (24... Qh4+ $19 {is more deadly.} 25. Rg3 Qh2+ 26. Ke1 Qxg3+ 27. Qf2 Qh3) 25. Ke1 $17 Qh4+ 26. Qf2 {[#]} (26. Kd1 $1 $15) 26... Qh6 (26... Qf6 $142 $1 {...Bg6 is the strong threat.} 27. Rg3 Bf5) 27. Kd2 $2 (27. Rg5 $17) 27... a5 $2 (27... Qe6 $19 {Strongly threatening ...Qa2+.} 28. Ke1 h5) 28. f5 $1 $15 axb4 $2 {[%mdl 8192]} (28... Qf6 $17 29. bxa5 Kh8) 29. Bxh6 {White mates.} Ra8 30. Rxg7+ Kh8 31. Qh4 Rxa3 32. Qf6 {[%csl Gf5,Gf6][%cal Rg7g6]} Ra2+ 33. Ke3 {[%csl Gf5,Gf6][%cal Rg7g6]} Rf8 {[#]} 34. Rg8+ $1 {[%mdl 64] Back Rank. Quite a comeback for White. Accuracy: White = 22%, Black = 17%.} 1-0